| 000 | 01071nam a2200265Ia 4500 | ||
|---|---|---|---|
| 003 | OSt | ||
| 005 | 20200717165608.0 | ||
| 008 | 191128s1975 ck ad gr 000 0 spa d | ||
| 040 |
_aCO-JMCR _cCO-JMCR |
||
| 041 | 1 |
_aspa _heng |
|
| 082 | 0 | 4 |
_a330.9861 / _bM478h _223 |
| 100 | 1 |
_aMcGreevey, William Paul, _eautor _97480 |
|
| 245 | 1 | 0 |
_aHistoria económica de Colombia : _b1845 - 1930 / _cWilliam Paul McGreevey ; traducción de Haroldo Calvo Stevenson |
| 250 | _aPrimera edición | ||
| 260 |
_aBogotá : _bTercer Mundo, _c1975. |
||
| 300 |
_aviii, 324 páginas : _bgráficos a blanco y negros, [2] mapas ; _c23 cm. |
||
| 490 | 0 |
_aAventura del desarrollo ; _v14 |
|
| 505 | 0 | _aEl ambiente económico -- El periodo liberal -- La expansión del café | |
| 546 | _aTraducido del inglés | ||
| 650 | 1 | 4 |
_aHistoria económica _xHistoria _xIndustria del café _zColombia _97481 |
| 650 | 2 | 4 |
_aCondiciones económicas _zColombia _96839 |
| 650 | 2 | 4 |
_aPolítica económica _y1845-1930 _zColombia _97482 |
| 700 | 1 |
_aCalvo Stevenson, Harold, _etraductor _97483 |
|
| 942 |
_2ddc _cBK |
||
| 999 |
_c5445 _d5445 |
||